000
00296nam a22001217a 4500
008
170615b xxu||||| |||| 00| 0 eng d
041
_a
eng
080
_a
32
100
_a
19
101
_a
shp
245
_a
THE LIMITS POLITICS COLLECTIVE AND POLITICAL CHANGE
_c
BENJAMIN,R
942
_2
udc
_c
BK
999
_c
17438
_d
17438